02488cam a22003977i 4500952015100000999001700151001000900168003000400177005001700181008004100198010001700239015001900256016001800275020002900293020001900322035002400341040006600365042001400431050002100445082002200466100006500488245004500553250002000598264007000618300005400688336002600742336002800768337002800796338002700824520105000851650002801901650003801929655004601967776003502013942004202048 00102ddc40708BOTANYaMESbMEScBOTANYd2022-11-08g5707.00l8m8o580.12 SIM/Pp41703r2026-03-30 14:14:35s2026-03-04w2022-11-08yBKzGL18R5 c41764d4176416129837OSt20221109121125.0100308t20192019maua b 001 0 eng d a 2010009204 aGBB9G99392bnb7 a0195748382Uk a9780128126288qpaperback a97801237438600 a(OCoLC)on1124288898 aUKMGBbengcUKMGBerdadOCLCOdOCLCFdBOHdYDXdTXIdMUUdDLC alccopycat00aQK95b.S566 201904a580.12223bSIM/P1 aSimpson, Michael G.q(Michael George),d1953-eauthor.9927910aPlant systematics /cMichael G. Simpson. aSecond edition. 1aBurlington, MA :bAcademic Press, an imprint of Elsevier,c[2010] a740 pages :billustrations (some color) ;c28 cm. atextbtxt2rdacontent astill image2rdacontent aunmediatedbn2rdamedia avolumebnc2rdacarrier aPlant Systematics, Third Edition, has made substantial contributions to plant systematics courses at the upper-undergraduate and first year graduate level, with the first edition winning The New York Botanical Garden's Henry Allan Gleason Award for outstanding recent publication in plant taxonomy, plant ecology or plant geography. This third edition continues to provide the basis for teaching an introduction to the morphology, evolution and classification of land plants. A foundation of the approach, methods, research goals, evidence and terminology of plant systematics are presented, along with the most recent knowledge of evolutionary relationships of plants and practical information vital to the field. In this new edition, the author includes greatly expanded treatments on families of flowering plants, as well as tropical trees (all with full-color plates), and an updated explanation of maximum likelihood and Bayesian inference algorithms. Chapters on morphology and plant nomenclature have also been enhanced with new material. 0aPlantsvClassification. 7aPlants.2fast0(OCoLC)fst01065823 7aClassification.2fast0(OCoLC)fst0169707308iebook version :z9780128126295 2ddccBKh580.12iSIM/Pk580.12mSIM/P